Cyclisme : Thibaut Pinot Victoires WT - Statistiques

Statistiques générales
  • Ce quiz a été pris 272 fois
  • Le résultat moyen est 10 sur 12
Statistiques - réponses
Années Équipe Indice Réponse % Correct
2012 FDJ - BigMat Étape Tour de France
99%
2015 FDJ Étape Tour de France
99%
2019 Groupama - FDJ Étape Tour de France
99%
2017 FDJ Étape Tour d'Italie
96%
2018 Groupama - FDJ Étape Tour d'Espagne
94%
2018 Groupama - FDJ Étape Tour d'Espagne
94%
2018 Groupama - FDJ Classique Tour de Lombardie
90%
2015 FDJ Étape Tour de Suisse
74%
2022 Groupama - FDJ Étape Tour de Suisse
74%
2015 FDJ Étape Tour de Romandie
63%
2016 FDJ Contre-la-montre Tour de Romandie
63%
2016 FDJ Étape Critérium du Dauphiné
61%
Aucun quiz correspondant
Distribution des résultats
% des personnes avec chaque résultat
Percentile par nombre de réponses
Votre historique - résultats
Vous n’avez pas pris ce quiz